000 00515nam a2200169 a 4500
001 000033800
005 20240313182404.0
008 110912s1892 gw a 000 0bger d
040 _aDO-SdBNP
_bspa
_dBNPHU
100 1 _aRuge, Sophus,
_d1831-1903
_959220
245 1 0 _aChriftoph Columbus /
_cvon Sophus Ruge.
260 _aDresden :
_bL. Ehlermann,
_c1892.
300 _a164 p. :
_bil. ;
_c19 cm.
490 1 _aFührende geifter
600 0 _aCOLÓN, CRISTOBAL,
_d1436-1456
_919795
830 0 _aFührende geifter
_959221
999 _c33291
_d33291